000 00305nam a2200133Ia 4500
005 20251222151339.0
008 251222s9999||||xx |||||||||||||| ||spa||
082 _a800/P23
100 _aPantigoso, Manuel
245 0 _aPiel de Palabra
250 _a1ra.ed.
264 _bEdiciones Altazor
942 _cLIB
999 _c24411
_d24411